| 000 | 00674nam a2200229Ia 4500 | ||
|---|---|---|---|
| 003 | OSt | ||
| 005 | 20221007064035.0 | ||
| 006 | a|||||r|||| 00| 0 | ||
| 007 | ta | ||
| 008 | 221006b |||||||| |||| 00| 0 eng d | ||
| 024 | _a27,733 | ||
| 037 | _cReports / Technical Reports | ||
| 040 |
_aFLL _cFLL _beng |
||
| 041 |
_2eng _aeng |
||
| 082 | _aZ73vN5x, H9 | ||
| 100 |
_aHowe Mark Dewolfe _9118592 |
||
| 245 | 0 | _aReadings in american legal history | |
| 260 |
_aCambridge _bHarvard University Press Massachusetts _c1949 |
||
| 300 |
_ax,528p _ccm. |
||
| 942 |
_hZ73vN5x, H9 _cREP _2CC |
||
| 999 |
_c1132839 _d1132839 |
||